| 000 | 00512nam a2200181 a 4500 | ||
|---|---|---|---|
| 005 | 20140412111308.0 | ||
| 008 | 010503s19uu xx 00 eng d | ||
| 020 | _a0-88625-290-3 | ||
| 050 |
_aTR(PS E _bLi62 1993 |
||
| 100 | _aWilliams, Harland | ||
| 245 |
_aLickety split / _cby Harland Williams. |
||
| 260 |
_aNiagara Falls, NY : _bDurkin Hayes Publishing Ltd, _c1993. |
||
| 300 | _a31p. ; ill. | ||
| 440 | _aSchool's Cool | ||
| 650 | _aChildren's stories | ||
| 650 | _aSchools-Stories | ||
| 999 |
_c103796 _d103796 |
||